ბათუმის შოთა რუსთაველის სახელმწიფო უნივერსიტეტის ბიბლიოთეკა

მცენარეთა ეკოლოგია : (ბიბ.ჩანაწერი № 35370)

000 -ლიდერი
ფიქსირებული სიგრძის საკონტროლო ველი 01145nam a2200253Ia 4500
001 - საკონტროლო ნომერი
საკონტროლო ველი 1223
003 - საკონტროლო ნომრის იდენტიფიკატორი
საკონტროლო ველი GE_BSU
005 - ბოლო ოპერაციის თარიღი და დრო
საკონტროლო ველი 20241004154136.0
008 - ფიქსირებული სიგრძის მონაცემთა ელემენტები - ზოგადი ინფორმაცია
ფიქსირებული სიგრძის საკონტროლო ველი 181216s2003||||ge |||||||||||||| ||geo||
040 ## - კატალოგიზაციის წყარო
Transcribing agency GE_BSU
041 ## - ენის კოდი
Language code of text/sound track or separate title geo
080 ## - უნივერსალური ათობითი კლასიფიკაციის ინდექსი
Universal Decimal Classification number 574(075.8) გ–92
100 ## - მთავარი ჩანაწერი - პიროვნების სახელი
Personal name გუგავა, ელდარ
9 (RLIN) 16744
245 ## - ცნობა სათაურის შესახებ
Title მცენარეთა ეკოლოგია :
Remainder of title [სახელმძღვ. უმაღლ. სასწ. სტუდენტებისათვის] /
Statement of responsibility, etc ელდარ გუგავა, გიორგი მელაძე; რედ. ლევან გვაზავა.
264 ## - წარმოების, გამოცემის, დისტრიბუციის და სხვა ცნობები
გამოცემის, წარმოების, დისტრიბუციის... ადგილი თბილისი,
გამოცემის, წარმოების, დისტრიბუციის... თარიღი 2003.
300 ## - ფიზიკური აღწერა
Extent 278 გვ. :
Other physical details ნახ. ;
Dimensions 20 სმ.
500 ## - ზოგადი შენიშვნა
General note ეკოლ. ტერმინები: გვ. 262.
504 ## - BIBLIOGRAPHY, ETC. NOTE
Bibliography, etc ბიბლიოგრ.: გვ. 270-273.
653 ## - INDEX TERM--UNCONTROLLED
Uncontrolled term მცენარეთა ეკოლოგია
700 ## - ADDED ENTRY--PERSONAL NAME
Personal name მელაძე, გიორგი
Relator term ავტორი
9 (RLIN) 824
700 ## - ADDED ENTRY--PERSONAL NAME
Personal name გვაზავა, ლევან
Relator term რედაქტორი
9 (RLIN) 8295
942 ## - ADDED ENTRY ELEMENTS (KOHA)
Koha item type წიგნი
Source of classification or shelving scheme
ეგზემპლარები
ჩამოწერის სტატუსი დაკარგული ეგზემპლარის სტატუსი კლასიფიკაციის წყარო ან თაროზე გაწყობის სქემა დაზიანების სტატუსი არ გაიცემა მუდმივი მდებარეობა (დაცვის ადგილი) ამჟამინდელი ადგილსამყოფელი თაროზე განთავსების ადგილი შეძენის თარიღი სრული შენახვის შიფრი შტრიხკოდი ბოლო ოპერაციის თარიღი ეგზემპლარის მიმდევრობითი ნომერი (კეტერი?) ფასის ძალაში შესვლის თარიღი ეგზემპლარის სახეობა
          ბათუმის შოთა რუსთაველის სახელმწიფო უნივერსიტეტის მთავარი ბიბლიოთეკა ბათუმის შოთა რუსთაველის სახელმწიფო უნივერსიტეტის მთავარი ბიბლიოთეკა წიგნსაცავი 2018-12-17 574(075.8) გ–92 2761 2018-12-17 2761 2018-12-17 წიგნი